|
|
|
|
| LEADER |
01083nam a2200277 i 4500 |
| 001 |
c000241908 |
| 003 |
CARM |
| 005 |
00000000000000.0 |
| 008 |
840306s1973 enk b 000 0deng d |
| 019 |
1 |
|
|a 319618
|z 23932420
|5 LACONCORD2021
|
| 020 |
|
|
|a 043582760X
|
| 035 |
|
|
|a (OCoLC)868254
|5 LACONCORD2021
|
| 043 |
|
|
|a e-uk---
|
| 045 |
|
|
|a x6x7
|
| 082 |
0 |
4 |
|a 361.9428
|
| 100 |
1 |
|
|a Rodgers, Barbara Noel.
|
| 245 |
1 |
2 |
|a A new portrait of social work :
|b a study of the social services in a northern town from Younghusband to Seebohm /
|c by Barbara N. Rodgers, June Stevenson.
|
| 260 |
|
|
|a London :
|b Heinemann Educational,
|c 1973.
|
| 300 |
|
|
|a 363p.
|
| 504 |
|
|
|a Includes bibliographical references.
|
| 650 |
|
0 |
|a Social service
|z Great Britain
|x Case studies.
|
| 650 |
|
0 |
|a Social work education
|z Great Britain.
|
| 700 |
1 |
|
|a Stevenson, June.
|
| 852 |
8 |
|
|b CARM
|h A1:AP02B0
|i B07217
|p 0361961
|f BK
|
| 999 |
f |
f |
|i e04c42ea-7578-531e-93d1-d26e70ea2dca
|s 92925973-2bb3-5ae2-a6de-a75b294ecc3e
|
| 952 |
f |
f |
|p Can circulate
|a CAVAL
|b CAVAL
|c CAVAL
|d CARM 1 Store
|e B07217
|f A1:AP02B0
|h Other scheme
|i book
|m 0361961
|